Manual de relaciones públicas (Record no. 97064)
[ view plain ]
| 000 -LEADER | |
|---|---|
| campo de control de longitud fija | 00700nam a2200169 i 4500 |
| 001 - NÚMERO DE CONTROL | |
| campo de control | 97064 |
| 003 - IDENTIFICADOR DE NÚMERO DE CONTROL | |
| campo de control | ES-MaACL |
| 005 - FECHA Y HORA DE LA ÚLTIMA TRANSACCIÓN | |
| campo de control | 20230906182030.0 |
| 007 - CAMPO FIJO DE DESCRIPCIÓN FÍSICA--INFORMACIÓN GENERAL | |
| campo de control de longitud fija | t| |
| 008 - DATOS DE LONGITUD FIJA--INFORMACIÓN GENERAL | |
| campo de control de longitud fija | 050706s1964 sp ||||1| spa d |
| 245 00 - MENCIÓN DEL TÍTULO | |
| Título | Manual de relaciones públicas |
| Resto del título | : treinta y dos casos / |
| Mención de responsabilidad, etc. | seleccionados, recogidos y editados Nigel Ellis y Pat Bowman); revisión y prólogo José Sanz y Díaz; traducido por C. G. de seleccionados, recogidos y editados por Nigel Ellis y Pat Bowman; revisión y prólogo José Sanz y Díaz. |
| 260 ## - PUBLICACIÓN, DISTRIBUCIÓN, ETC. | |
| Lugar de publicación, distribución, etc. | Barcelona : |
| Nombre del editor, distribuidor, etc. | Sagitario, |
| Fecha de publicación, distribución, etc. | 1964. |
| 300 ## - DESCRIPCIÓN FÍSICA | |
| Extensión | 349 p. ; |
| Dimensiones | 22 cm. |
| 700 1# - ENTRADA AGREGADA--NOMBRE PERSONAL | |
| Nombre de persona | Ellis, Nigel. |
| 9 (RLIN) | 47052 |
| 700 1# - ENTRADA AGREGADA--NOMBRE PERSONAL | |
| Nombre de persona | Bowman, Pat. |
| 9 (RLIN) | 31151 |
| 852 ## - LOCALIZACIÓN | |
| Ubicación | ES-MaACL |
| Número de control de estantería | C-25606 |
| Sublocalización o colección | R.54354 |
| Estatus retirado | Estado de pérdida | Estado de daño | No para préstamo | Biblioteca de origen | Biblioteca actual | Ubicación en estantería | Fecha de adquisición | Fuente de adquisición | Total de préstamos | Signatura topográfica completa | Código de barras | Visto por última vez | Precio de reemplazo | Tipo de ítem Koha |
|---|---|---|---|---|---|---|---|---|---|---|---|---|---|---|
| Biblioteca del Ateneo de Madrid | Biblioteca del Ateneo de Madrid | Depósito 2 | 17/01/2008 | C-25606 | 1101336 | 23/02/2023 | 23/02/2023 | Libro impreso |
